书目信息 |
| 题名: |
植物组织培养
|
|
| 作者: | 陈世昌 主编 | |
| 分册: | ||
| 出版信息: | 北京 高等教育出版社 2015 |
|
| 页数: | 237页 | |
| 开本: | 26cm | |
| 丛书名: | ||
| 单 册: | ||
| 中图分类: | Q943.1 | |
| 科图分类: | ||
| 主题词: | 植物组织--组织培养--高等职业教育--教材 | |
| 电子资源: | ||
| ISBN: | 978-7-04-042323-5 | |
| 000 | 01001nam0 2200241 450 | |
| 001 | 0103546109 | |
| 005 | 20150914163838.0 | |
| 010 | @a978-7-04-042323-5@dCNY26.80 | |
| 100 | @a20150703d2015 em y0chiy0120 ea | |
| 101 | 0 | @achi |
| 102 | @aCN@b110000 | |
| 105 | @aa z 000yy | |
| 106 | @ar | |
| 200 | 1 | @a植物组织培养@9Zhi Wu Zu Zhi Pei Yang @f陈世昌主编@b专著 |
| 210 | @a北京@c高等教育出版社@d2015 | |
| 215 | @a237页@c图@d26cm | |
| 300 | @a十二五职业教育国家规划教材 高职高专农业技术类专业教材 国家级精品资源共享课立项项目配套教材 | |
| 330 | @a本书内容包括:植物组织培养概述、基本条件、基本技术,植物器官培养技术,植物组织培养快繁技术,植物脱毒技术,主要经济植物脱毒与快繁技术,植物组培苗工厂化生产与经营,以及植物组织培养在植物育种,次生代谢产物生产,种质资源离体保存和人工种子中的应用等。 | |
| 606 | 0 | @a植物组织@x组织培养@x高等职业教育@j教材 |
| 690 | @aQ943.1@v5 | |
| 701 | 0 | @a陈世昌@f(1969~)@4主编@9chen shi chang |
| 801 | 0 | @aCN@bAZmarc@c20230907 |
| 905 | @aBZT@dQ943@e14@f1@sQ943/14 | |
| 植物组织培养/陈世昌主编.-北京:高等教育出版社,2015 |
| 237页:图;26cm |
| 十二五职业教育国家规划教材 高职高专农业技术类专业教材 国家级精品资源共享课立项项目配套教材 |
| ISBN 978-7-04-042323-5:CNY26.80 |
| 本书内容包括:植物组织培养概述、基本条件、基本技术,植物器官培养技术,植物组织培养快繁技术,植物脱毒技术,主要经济植物脱毒与快繁技术,植物组培苗工厂化生产与经营,以及植物组织培养在植物育种,次生代谢产物生产,种质资源离体保存和人工种子中的应用等。 |
| ● |
| 相关链接 |
|
|
|
正题名:植物组织培养
索取号:Q943/14
 
预约/预借
| 序号 | 登录号 | 条形码 | 馆藏地/架位号 | 状态 | 备注 |
| 1 | 2000009273 | 2000009273 | 旧书回溯/ [索取号:Q943/14] | 在馆 |